Départements d'Occitanie (carte) - Statistiques

Statistiques générales
  • Ce quiz a été pris 12 968 fois
  • Le résultat moyen est 9 sur 13
Réponses sur la Carte
Les réponses sont colorées sur une échelle allant du rouge au vert en fonction du pourcentage des utilisateurs qui les ont devinées à leur premier essai. Vous pouvez retrouver ces pourcentages ci-dessous.
 
Statistiques - réponses
Départements % Correct
66 Pyrénées-Orientales
80%
34 Hérault
76%
81 Tarn
76%
46 Lot
73%
30 Gard
72%
31 Haute-Garonne
71%
65 Hautes-Pyrénées
70%
11 Aude
69%
82 Tarn-et-Garonne
69%
32 Gers
67%
12 Aveyron
65%
09 Ariège
63%
48 Lozère
57%
Aucun quiz correspondant
Distribution des résultats
% des personnes avec chaque résultat
Percentile par nombre de réponses
Votre historique - résultats
Vous n’avez pas pris ce quiz